La mala hora

Saved in:
Bibliografiske detaljer
Hovedforfatter: García Márquez, Gabriel (Author)
Format: Bog
Sprog:spansk
Udgivet: Madrid s.n 1900
Serier:Rotativa
Fag:
Tags: Tilføj Tag
Ingen Tags, Vær først til at tagge denne postø!

MARC

LEADER 00000nam a2200000 a 4500
001 UCQ2355
003 CL-VaPUC
008 980724e19000000sp |||||||||||||||||spa|d
082 0 4 |a Co863  |b GAR  |2 21 
100 0 |a García Márquez, Gabriel  |e author  |9 318478 
245 1 3 |a La mala hora 
300 |a 187 p 
942 |c BK 
945 |d 19980724 00:00:00  |a lriquelm 
260 |a Madrid  |b s.n  |c 1900 
650 0 |a Novelas colombianas  |9 266734 
650 0 |a Literatura colombiana   |9 315578 
583 |a last modification  |c 20180103 02:22:36  |k Rodrigo Vera 
490 0 |a Rotativa 
999 |c 273186  |d 273184 
952 |0 0  |1 0  |4 0  |6 CO_863_000000000000000_GAR_1900  |7 0  |8 A  |9 308557  |a BIBEDU  |b BIBEDU  |d 2019-11-20  |i 1447416  |o Co863 GAR 1900  |p 1447416  |r 2019-11-20  |w 2019-11-20  |y BK  |k LIT